Z historie Magyar Nemzeti Bank, centrální banky Maďarska
Stručná história maďarskej centrálnej banky, ktorá sa maďarsky nazýva Magyar Nemzeti Bank.
Enregistré dans:
| Auteur principal: | |
|---|---|
| Format: | Chapitre de livre |
| Langue: | tchèque |
| Sujets: | |
| Tags: |
Pas de tags, Soyez le premier à ajouter un tag!
|
MARC
| LEADER | 00000naa a2200000 4500 | ||
|---|---|---|---|
| 001 | 0238743 | ||
| 005 | 20221104110656.3 | ||
| 041 | 0 | |a cze | |
| 044 | |a CZ | ||
| 245 | 1 | 0 | |a Z historie Magyar Nemzeti Bank, centrální banky Maďarska |c Zbyněk Kalabis |
| 520 | |a Stručná história maďarskej centrálnej banky, ktorá sa maďarsky nazýva Magyar Nemzeti Bank. | ||
| 610 | 2 | 0 | |a história |
| 610 | 2 | 0 | |a banky centrálne |
| 610 | 2 | 0 | |a Maďarsko |
| 610 | 2 | 0 | |a bankovníctvo |
| 100 | 1 | |a Kalabis, Zbyněk | |